000 00832pam a2200289 i 4500
001 2422
003 BD-RjUL
005 20211208233540.0
008 131211s1976 nyua b 001 0 eng
020 _a0465024998 :
035 _a(BD-RjUL)2449
040 _aDLC
_cDLC
_dDLC
_d(BD-RjUL)
_beng
041 _aeng
082 0 0 _a332.6
_bFAF
100 1 _aFama, Eugene F.,
_d1939-
_97846
245 1 0 _aFoundations of finance :
_bportfolio decisions and securities prices /
_cEugene F. Fama.
260 _aNew York :
_bBasic Books,
_cc1976.
300 _axvii, 395 p. :
_bill. ;
_c24 cm.
500 _aIncludes index.
504 _aBibliography: p. [383]-387.
650 0 _aInvestments.
_96605
650 0 _aSecurities.
_97847
650 0 _aStocks
_xPrices.
_97848
942 _2ddc
_cBK
999 _c2422
_d2422